000 00878nam a2200277Ia 4500
005 20220317000149.0
008 141031s9999 xx 000 0 und d
020 _a9788496489431
100 1 0 _aKertész, Imre
_d1929-
245 1 0 _aSin destino
_cImre Kertész ; traducción de Judith Xantus
250 _a1a ed., 4a reimpr.
300 _a263 páginas
534 _tSorstalansag
650 1 4 _a Campos de concentración en la literatura
_2LEMB
650 1 4 _a Literatura húngara
_2LEMB
650 1 4 _a Novela húngara
_2LEMB
650 1 4 _aJudíos en la literatura
_2LEMB
700 1 0 _aXantus Szarvas, Judith
_919389
942 _2loc
_cBK
264 _aBarcelona
_bAcantilado
_c2010
336 _atexto
_btxt
_2rdacontent
337 _asin mediación
_bn
_2rdamedia
338 _avolumen
_bnc
_2rdacarrier
040 _aCO-BoRNBP
_bspa
_erda
_cCO-BoRNBP
084 _aN KER2
999 _c3276
_d3276